000 00333pab a2200157 454500
008 180718b2008 xxu||||| |||| 00| 0 eng d
100 _aSawant, P.B.
245 _aDo we have democracy?
260 _c2008
300 _ap.6-7.
362 _a8 Feb
650 _aDemocracy
773 _aMainstream
908 _aN
909 _a77352
999 _c77352
_d77352